000 00507nam a2200181Ia 4500
999 _c29819
_d29819
003 OSt
005 20210112115252.0
008 190216s9999||||xx |||||||||||||| ||und||
020 _a9788126406555
040 _coclc
082 _a894.81
_bSPOT/S
100 _aPottekkat, S K
_92068
245 0 _aSanchara Sahithyam /
_cS K Pottekkat
260 _bDc Books,
_c2010.
_aKottayam:
300 _a1108p
650 _aYathravivaranam
942 _cBK
_2ddc
_h894.81
_iSPOT/S
_k894.81
_mSPOT/S